1571 1129 1335 1993 1136 1126 1494 1014 1316 1498 1059 1769 1734 1664 1155 1757 1915 1309 1430 1167 1609 1365 1874 1496 1505 1615 1208 1917 1859 1943 1353 1740 1586 1516 1350 1584 1978 1062 1329 1039 1551 1399 1038 1702 1897 1912 1345 1516 1701 1948 1715 1011 1480 1543 1631 1644 1237 1943 1359 1174 1289 1505 1738 1565 1053 1491 1042 1461 1575 1332 1586 1389 1018 1099 1976 1633 1359 1899 1159 1536 1976 1982 1528 1541 1446 1310 1850 1855 1030 1246 1227 1270 1017 1683 1633 1390 1245 1626 1814 BCNSPRNW ULIB Ver.6.0+V

เปลี่ยนเป็นภาษาไทย

Change to English
 แสดงรายละเอียดบรรณานุกรม
  กลับหน้าหลัก

Brief Record : Get Marc (ISO 2709) : E-mail record : QR code < ปิดหน้าต่าง
LEADER : 00000nam 2200000uu 4500
001    13399121139
003     ULIB
008    121107s2555||||th 000 0 tha d
024    ^a9789747241525
060 04 ^aWY157^bว712ห
100 0  ^aวิโรจน์ ไววานิชกิจ
245 00 ^aหลักการตรวจทางห้องปฏิบัติการด้านสูติศาสตร์สำหรับพยาบาล แพทย์และบุคลากรทางแพทย์ /^cวิโรจน์ ไววานิชกิจ
250    ^aพิมพ์ครั้งที่ 1
260    ^aกรุงเทพฯ :^bโรงพิมพ์แห่งจุฬาลงกรณ์มหาวิทยาลัย,^c2555
300    ^a118 หน้า :^c21 ซม.
650  7 ^aสูติศาสตร์^xการพยาบาล
650  7 ^aการพยาบาลสูติศาสตร์
945    ^p260^l0^i032951
945    ^p260^l0^i032952
945    ^p260^l0^i032953
995    ^aเกษร
999    ^aใช้งานได้ทุกระบบ
รายการนี้ยังไม่มีแท็ก
คุณยังไม่ได้ล็อกอิน คุณสามารถมีกิจกรรมร่วมกับเว็บไซต์ได้ แต่ต้องล็อกอินก่อน ::
  ล็อกอิน

รายการสื่อสารสนเทศ

ลำดับที่ ประเภท เลขเรียก/บาร์โค้ด สถานที่ สถานะ
1. วิทยาศาสตร์การแพทย์ และสุขภาพ
หนังสือสำรอง
สถานะ=หนังสือสำรอง
WY157 ว712ห ฉ.1 
  Barcode: 032951
ห้องสมุดวิทยาเขตสวรรค์ประชารักษ์
►ส่วนจัดเก็บหนังสือเก่า สปร
บนชั้น
  ขอยืม
2. วิทยาศาสตร์การแพทย์ และสุขภาพ
วิทยาศาสตร์การแพทย์ และสุขภาพ
WY157 ว712ห ฉ.2 
  Barcode: 032952
ห้องสมุดวิทยาเขตสวรรค์ประชารักษ์
►ส่วนจัดเก็บหนังสือเก่า สปร
บนชั้น
  ขอยืม
3. วิทยาศาสตร์การแพทย์ และสุขภาพ
วิทยาศาสตร์การแพทย์ และสุขภาพ
WY157 ว712ห ฉ.3 
  Barcode: 032953
ห้องสมุดวิทยาเขตสวรรค์ประชารักษ์
►ส่วนจัดเก็บหนังสือเก่า สปร
บนชั้น
  ขอยืม

รายการใกล้เคียง
    ผู้แต่ง [วิโรจน์ ไววานิชกิจ]

    หัวเรื่อง [การพยาบาลสูติศาสตร์]

BibComment


ยังไม่เคยถูกคอมเมนท์

คอมเมนท์ทรัพยากรรายการนี้
  คอมเมนท์: หลักการตรวจทางห้..


 Copyright 2026. Bcnsprnw @Library